| 000 | 02177cam a22006137a 4500 | ||
|---|---|---|---|
| 001 | 7919562 | ||
| 003 | OSt | ||
| 005 | 20210901160300.0 | ||
| 006 | m d | ||
| 007 | cr n | ||
| 008 | 090301s2009 gw a sb 001 0 eng d | ||
| 015 |
_aGBA910838 _2bnb |
||
| 015 |
_a09,A19,0903 _2dnb |
||
| 015 |
_a09,N05,0063 _2dnb |
||
| 016 | 7 |
_a991139844 _2DE-101 |
|
| 016 | 7 |
_a014895113 _2Uk |
|
| 020 | _a9783540921721 (hbk.) | ||
| 028 | 5 | 2 | _a12582853 |
| 035 | _a(WaSeSS)ssj0000318901 | ||
| 038 | _akhadija | ||
| 040 |
_aUKM _beng _cUKM _dYDXCP _dBWX _dTXH _dVGM _dMUQ _dGBVCP _dDEBBG _dOCL _dDLC _dWaSeSS |
||
| 042 |
_aukblcatcopy _alccopycat |
||
| 050 | 4 |
_aT57.84 _b.D37 2009 |
|
| 050 | 4 | _aT57.84 | |
| 082 | 0 | 4 |
_a006.3 _222 _bDAS |
| 084 |
_a004 _2sdnb |
||
| 084 |
_a510 _2sdnb |
||
| 084 |
_aQH 234 _2rvk |
||
| 100 | 1 |
_aDas, Swagatam. _982052 |
|
| 210 | 1 | 0 | _aMetaheuristic clustering |
| 245 | 1 | 0 |
_aMetaheuristic Clustering / _cSwagatam Das, Ajith Abraham, Amit Konar. |
| 260 |
_aBerlin : _bSpringer, _cc2009. |
||
| 490 | 1 |
_aStudies in computational intelligence, _x1860-949X ; _vv. 178 |
|
| 504 | _aIncludes bibliographical references and index. | ||
| 506 | _aLicense restrictions may limit access. | ||
| 563 | _ahard cover | ||
| 650 | 0 |
_aHeuristic programming. _982053 |
|
| 650 | 0 |
_aCluster analysis. _982054 |
|
| 650 | 0 | _aData mining. | |
| 650 | 6 |
_aProgrammation heuristique. _982055 |
|
| 650 | 6 |
_aClassification automatique (Statistique) _982056 |
|
| 650 | 6 |
_aExploration de données (Informatique) _982057 |
|
| 650 | 4 |
_aCluster-Analyse _xMetaheuristik _xEvolutionärer Algorithmus. _982058 |
|
| 650 | 0 | 7 |
_aCluster-Analyse. _2swd _982059 |
| 650 | 0 | 7 |
_aEvolutionärer Algorithmus. _2swd _982060 |
| 650 | 0 | 7 |
_aMetaheuristik. _2swd _982061 |
| 700 | 1 |
_aAbraham, Ajith, _d1968- _982043 |
|
| 700 | 1 |
_aKonar, Amit. _982062 |
|
| 773 | 0 | _tSpringerLink ebooks - Engineering (2009) | |
| 830 | 0 |
_aStudies in computational intelligence ; _vv. 178. _981268 |
|
| 856 | 4 | 0 |
_uhttp://www.columbia.edu/cgi-bin/cul/resolve?clio7919562 _zFull text available from SpringerLink ebooks - Engineering (2009) |
| 910 | _aLibrary of Congress record | ||
| 942 |
_2ddc _cBK |
||
| 999 |
_c31945 _d31945 |
||